000
00259nam a2200085Ia 4500
001
1249942
005
20251031150846.0
008
251031s9999 xx 000 0 und d
245
0
_c
CENGİZ ÇELİK
_a
A-1 ÇOCUKLARIN PROBLEM DAVRANIŞLARINA PRATİK ÇÖZÜM OLLARI
999
_c
1249942
_d
1249942